000 00604cam a22002053a 4500
001 44465
003 PGUSA
005 20140828084021.0
008 131219s2013||||xxu|||||s|||||000 | eng d
040 _aPGUSA
_beng
042 _adc
100 1 _aMerrick, Leonard,
_d1864-1939
245 1 0 _aCynthia :
_bWith an Introduction by Maurice Hewlett
_h[electronic resource] /
_cLeonard Merrick
260 _bProject Gutenberg,
_c2013
506 _aPublic domain in the USA.
516 _aElectronic text
830 0 _aProject Gutenberg
_v44465
856 4 0 _uhttp://www.gutenberg.org/ebooks/44465
942 _cEB
999 _c273716
_d273716